000 01191cam a22003135a 4500
001 16631891
005 20161027120852.0
008 110131t2011 caua frbd 001 0 eng d
010 _a 2011002870
020 _a9781412996846 (cloth)
040 _aDLC
_beng
_cDLC
_dDLC
_dEG-ScBUE
082 0 4 _a658.408303
_bGRE
_222
245 0 0 _aGreen business :
_ban A-to-Z guide /
_cgeneral editor Nevin Cohen.
260 _aLos Angeles :
_bSage Publications,
_cc.2011.
300 _axxvi, 585 p. :
_bill. ;
_c27 cm.
490 0 _aSage reference series on green society : toward a sustainable future
500 _aIndex : p. 557-585.
500 _aIncludes glossary.
504 _aBibliography : p. 547-551.
520 _aProvides an overview of key principles, approaches, strategies, and tools businesses have used to reduce environmental impacts and contribute to sustainability.
650 0 _aBusiness enterprises
_xEnvironmental aspects.
_2BUEsh
650 0 _aManagement
_xEnvironmental aspects.
_2BUEsh
650 0 _aGreen products.
_2BUEsh
650 0 _aGreen marketing.
_2BUEsh
651 _2BUEsh
653 _bENGGEN
_cOctober2016
700 1 _aCohen, Nevin,
_eeditor.
942 _2ddc
999 _c22875
_d22847